| 000 | 01448nam0a2200373 i 4500 | ||
|---|---|---|---|
| 001 | RU\NLR\bibl\1978282 | ||
| 005 | 20260408201416.0 | ||
| 010 |
_a9785769639463 _91000 |
||
| 021 |
_aRU _b2012-87528 |
||
| 035 | _a(nilc)RSL-KNO-005571895 | ||
| 035 | _a(NLR Aleph) 001967025 | ||
| 090 |
_a3903802 _c3903802 |
||
| 100 | _a20061107d2012 u y0rusy50 ca | ||
| 101 | 0 |
_arus _asah |
|
| 102 | _aRU | ||
| 105 | _aa zzzz||||| | ||
| 200 | 1 |
_aАндрей Васильевич Кривошапкин _f[сост.: Д.И. Пухов _gред.: К.В. Роббек] |
|
| 210 |
_aЯкутск _cБичик _d2012 |
||
| 215 |
_a206, [1] с., [12] л. ил., цв. ил., портр. _d22 |
||
| 225 | 1 | _aПочетные граждане республики | |
| 300 | _aТекст рус., якут. | ||
| 600 | 1 |
_aКривошапкин _bА.В. _gАндрей Васильевич _f1940 _3RU\NLR\auth\661467771 _92471345 |
|
| 686 |
_aШ5(2=Я)7-4Кривошапкин А.В.я43 _2rubbk |
||
| 686 | _aТ3(2Р-6Я)74-8 | ||
| 702 | 1 |
_aПухов _bД. И. _gДмитрий Ильич _4220 |
|
| 702 | 1 |
_aРоббек _bК. В. _4340 |
|
| 702 | 1 |
_4570 _8rus _7ca _aКривошапкин _bА. В. _f1940- _gАндрей Васильевич _3RU\NLR\auth-onl\77391 _9130447 |
|
| 801 | 0 |
_aRU _bRuMoRKP _c20061107 _grcr |
|
| 801 | 1 |
_aRU _bРГБ _c20061107 |
|
| 801 | 2 |
_aRU _bNLR _c20121211 _grcr |
|
| 942 | _cBOOK | ||
| 980 | _aNBR | ||